000 00811nam a22002417a 4500
003 DO-SdBNP
005 20180206114715.0
008 160811b 1997 mx |||| 00| 0 spa d
020 _a9789500362368
040 _aBPMSU
_bspa
_cBPMSU
082 4 _axxxxx
_bxxxxx
100 1 _aNeruda, Pablo,
_d1904-1973
245 1 _aVeinte poemas de amor y una canción desesperada /
_cPablo Neruda ; ilustración Raúl Soldi
246 1 _a20 poemas de amor y una canción desesperada
260 _aMéxico :
_bLosada,
_c1997.
_g5a reimpresión 1999
300 _a115 p. :
_bil.,
_c18 cm.
490 1 _aBiblioteca clásica y contemporánea
700 1 _aSoldi, Raúl,
_eil.
830 0 _aBiblioteca clásica y contemporánea
942 _2ddc
_cBK
945 _aInventariado, 2018 / BT
956 _aBTAVÁREZ
_b10
_c20161108
_d001120
999 _c11148
_d11148